Oceanian Culture - Sudden Death - Statistics

General Stats
  • This quiz has been taken 31 times
  • The average score is 8 of 18
Answers on the Grid
Answers color-coded by a green-red scale on the quiz's grid according to % correct below.
Didgeridoo
Taiko
Matariki
Gladius
Lavalava
Claymore
Minotaur
Garuda
Tiki
Azonto
Tewhatewha
Wharenui
Violin
Haka
Qilin
Talwar
Lūʻau
Werewolf
Balalaika
Hei-tiki
Clapstick
Tangaroa
Baba ghanoush
Kunai
Djembe
Hula
Tengu
'Ota 'ika
Macuahuitl
Tabbouleh
Pahu
Tagaloa
Shakshouka
Malu
Shuriken
Basilisk
Tā moko
Mandolin
Shotel
Ukulele
 
Answer Stats
Answer % Correct
Lūʻau
75%
Didgeridoo
71%
Haka
68%
Tā moko
64%
Tiki
61%
Ukulele
61%
'Ota 'ika
54%
Hula
46%
Tewhatewha
46%
Wharenui
46%
Hei-tiki
43%
Matariki
39%
Tangaroa
36%
Tagaloa
29%
Lavalava
21%
Pahu
21%
Malu
14%
Clapstick
11%
No matching quizzes found
Score Distribution
Percent of People with Each Score
Percentile by Number Answered
Your Score History
You have not taken this quiz